Metals engineering design (ASME handbook) (Record no. 60837)

000 -LEADER
fixed length control field 00696nam a22001937a 4500
003 - CONTROL NUMBER IDENTIFIER
control field NUST-PNEC
005 - DATE AND TIME OF LATEST TRANSACTION
control field 20170116180708.0
008 - FIXED-LENGTH DATA ELEMENTS--GENERAL INFORMATION
fixed length control field 141001b xxu||||| |||| 00| 0 eng d
022 ## - INTERNATIONAL STANDARD SERIAL NUMBER
International Standard Serial Number B0007ERA8E
040 ## - CATALOGING SOURCE
Transcribing agency PNEC
082 ## - DEWEY DECIMAL CLASSIFICATION NUMBER
Classification number 669.10'202 HOR
100 ## - MAIN ENTRY--PERSONAL NAME
9 (RLIN) 449
Personal name Horger, Oscar J.
245 ## - TITLE STATEMENT
Title Metals engineering design (ASME handbook)
Statement of responsibility, etc. Oscar J. Horger
260 ## - PUBLICATION, DISTRIBUTION, ETC.
Place of publication, distribution, etc. New York
Name of publisher, distributor, etc. McGraw-Hill Book Company
Date of publication, distribution, etc. c1995.
300 ## - PHYSICAL DESCRIPTION
Extent 619 p. :
Other physical details ill. ;
Dimensions 25 cm.
500 ## - GENERAL NOTE
General note Includes Index http://www.amazon.com/Metals-engineering-design-ASME-handbook/dp/B0007ERA8E/ref=sr_1_2?s=books&ie=UTF8&qid=1412142427&sr=1-2&keywords=ASME+HANDBOOK+METALS+ENGINEERING+DESIGN
650 ## - SUBJECT ADDED ENTRY--TOPICAL TERM
General subdivision ME
942 ## - ADDED ENTRY ELEMENTS (KOHA)
Source of classification or shelving scheme
Koha item type Book
Holdings
Withdrawn status Lost status Source of classification or shelving scheme Damaged status Not for loan Permanent Location Current Location Shelving location Date acquired Source of acquisition Cost, normal purchase price Total Checkouts Full call number Barcode Date last seen Cost, replacement price Price effective from Koha item type
          Pakistan Navy Engineering College (PNEC) Pakistan Navy Engineering College (PNEC) Reference 05/29/1985 Progressive International 1230.39   669.10'202 HOR PNECLIB-006433 10/01/2014 1230.39 05/29/1985 Book
© 2023 Central Library, National University of Sciences and Technology. All Rights Reserved.